00881nam a2200217 a 450000500170000000800410001704000270005804100080008504400070009324500250010026000840012530000520020931000060026150000510026750000360031850400420035465000530039665000580044965000620050771000940056920180423105752.0171101s20xx ko ad|||r|||| 00| 0 eng d aCO-BoIAVH cCO-BoIAVH 0 aeng ako00aAlgal flora of Korea aIncheon (Corea del Sur) : bNational Institute of Biological Resources,c2013?. bilustraciones (algunas a color) ; c28 x 22 cm. au aIncluye índices temáticos y científicos. aSerie Flora and fauna of Korea. aIncluye referencias bibliográficas.26aFlorazCorea del SurvPublicaciones periódicas26aBotánicazCorea del SurvPublicaciones periódicas26aFitogenéticazCorea del SurvPublicaciones periódicas1 aRepública de CoreabMinistry of EnvironmentbNational Institute of Biological Resources